000 00530cam a2200181 4500500
005 20260405001952.0
041 _afre
042 _adc
100 1 0 _aLequin, Mathilde
_eauthor
245 0 0 _aIvan Illich. Sa vie
260 _c2015.
500 _a98
690 _aDécroissance
690 _aIvan Illich
690 _aPrĂȘtre
786 0 _nPhilosophie magazine | 88 | 4 | 2015-04-01 | p. 50-50 | 1951-1787
856 4 1 _uhttps://shs.cairn.info/magazine-philosophie-magazine-2015-4-page-50?lang=fr&redirect-ssocas=7080
999 _c2052843
_d2052843